[Event "Göteborg Open 2015"]
[Site "Biblioteksgatan 2, Mölnlycke, Sweden"]
[Date "2015.08.14"]
[Round "2.3"]
[White "Westerberg, Jonathan"]
[Black "Lindsten, Dennis"]
[Result "1-0"]
[BlackElo "2089"]
[WhiteElo "2464"]
[LiveChessVersion "1.4.6"]

1. c4 {[%clk 0:15:06]} e5 {[%clk 0:14:56]} 2. Nc3 {[%clk 0:15:10]} Nf6
{[%clk 0:14:47]} 3. e3 {[%clk 0:15:11]} d5 {[%clk 0:14:05]} 4. cxd5
{[%clk 0:15:13]} Nxd5 {[%clk 0:13:58]} 5. Nf3 {[%clk 0:15:16]} Nxc3
{[%clk 0:13:27]} 6. bxc3 {[%clk 0:15:20]} Bd6 {[%clk 0:11:57]} 7. d4
{[%clk 0:15:14]} exd4 {[%clk 0:11:38]} 8. cxd4 {[%clk 0:15:17]} O-O
{[%clk 0:10:56]} 9. Be2 {[%clk 0:15:18]} b6 {[%clk 0:10:16]} 10. O-O
{[%clk 0:14:24]} Bb7 {[%clk 0:10:16]} 11. Nd2 {[%clk 0:13:28]} f5
{[%clk 0:07:46]} 12. Bf3 {[%clk 0:13:22]} Bxf3 {[%clk 0:07:29]} 13. Qxf3
{[%clk 0:13:25]} Nd7 {[%clk 0:07:24]} 14. Nc4 {[%clk 0:13:13]} Qe7
{[%clk 0:05:09]} 15. a4 {[%clk 0:13:10]} a5 {[%clk 0:04:37]} 16. Nxd6
{[%clk 0:13:14]} cxd6 {[%clk 0:04:33]} 17. Qd5+ {[%clk 0:13:15]} Kh8
{[%clk 0:04:31]} 18. Ba3 {[%clk 0:13:19]} Nf6 {[%clk 0:03:45]} 19. Qxd6
{[%clk 0:13:09]} Qxd6 {[%clk 0:03:31]} 20. Bxd6 {[%clk 0:13:12]} Rfc8
{[%clk 0:03:33]} 21. Rfc1 {[%clk 0:12:05]} Nd5 {[%clk 0:02:57]} 22. Kf1
{[%clk 0:11:31]} Kg8 {[%clk 0:02:52]} 23. Ke1 {[%clk 0:11:22]} Kf7
{[%clk 0:02:50]} 24. Kd2 {[%clk 0:11:23]} Ke6 {[%clk 0:02:42]} 25. Ba3
{[%clk 0:11:16]} g6 {[%clk 0:02:25]} 26. g3 {[%clk 0:09:25]} h5 {[%clk 0:01:38]}
27. f3 {[%clk 0:09:23]} Kd7 {[%clk 0:01:00]} 28. Kd3 {[%clk 0:08:59]} Re8
{[%clk 0:00:51]} 29. e4 {[%clk 0:08:42]} fxe4+ {[%clk 0:00:45]} 30. fxe4
{[%clk 0:08:45]} Nf6 {[%clk 0:00:44]} 31. Re1 {[%clk 0:08:41]} Rac8
{[%clk 0:00:41]} 32. Rab1 {[%clk 0:08:08]} Rb8 {[%clk 0:00:25]} 33. d5
{[%clk 0:07:49]} Ng4 {[%clk 0:00:26]} 34. Bb2 {[%clk 0:06:43]} Nxh2
{[%clk 0:00:26]} 35. e5 {[%clk 0:06:45]} Nf3 {[%clk 0:00:21]} 36. Re3
{[%clk 0:06:36]} Ng5 {[%clk 0:00:24]} 37. Rc1 {[%clk 0:06:13]} b5
{[%clk 0:00:24]} 38. e6+ {[%clk 0:04:10]} Nxe6 {[%clk 0:00:23]} 39. Be5
{[%clk 0:04:14]} Rbc8 {[%clk 0:00:15]} 40. dxe6+ {[%clk 0:04:15]} Rxe6
{[%clk 0:00:15]} 41. Rxc8 {[%clk 0:04:18]} Kxc8 {[%clk 0:00:18]} 42. axb5
{[%clk 0:04:22]} Kd7 {[%clk 0:00:16]} 43. Kd4 {[%clk 0:04:23]} Rb6
{[%clk 0:00:15]} 44. Kc5 {[%clk 0:04:25]} Rb7 {[%clk 0:00:16]} 45. b6
{[%clk 0:03:53]} a4 {[%clk 0:00:15]} 46. Bd6 {[%clk 0:03:39]} g5 {[%clk 0:00:10]}
47. Re7+ {[%clk 0:03:41]} Kc8 {[%clk 0:00:14]} 48. Bc7 {[%clk 0:03:45]} 1-0

[Event "Göteborg Open 2015"]
[Site "Biblioteksgatan 2, Mölnlycke, Sweden"]
[Date "2015.08.14"]
[Round "2.4"]
[White "Olsen, Robin"]
[Black "Wiedenkeller, Michael"]
[Result "0-1"]
[BlackElo "2453"]
[WhiteElo "2071"]
[LiveChessVersion "1.4.6"]

1. d4 {[%clk 0:15:09]} Nf6 {[%clk 0:15:05]} 2. c4 {[%clk 0:15:13]} e6
{[%clk 0:15:08]} 3. Nf3 {[%clk 0:15:17]} d5 {[%clk 0:15:11]} 4. Nc3
{[%clk 0:15:20]} Bb4 {[%clk 0:15:15]} 5. e3 {[%clk 0:15:21]} O-O {[%clk 0:15:17]}
6. a3 {[%clk 0:15:23]} Bxc3+ {[%clk 0:15:14]} 7. bxc3 {[%clk 0:15:26]} c5
{[%clk 0:15:11]} 8. Bd3 {[%clk 0:14:56]} dxc4 {[%clk 0:15:10]} 9. Bxc4
{[%clk 0:15:00]} Qc7 {[%clk 0:15:11]} 10. Be2 {[%clk 0:14:38]} b6
{[%clk 0:15:10]} 11. O-O {[%clk 0:14:27]} Nbd7 {[%clk 0:15:04]} 12. a4
{[%clk 0:14:03]} Bb7 {[%clk 0:15:04]} 13. Nd2 {[%clk 0:13:32]} e5
{[%clk 0:14:48]} 14. Bf3 {[%clk 0:13:17]} cxd4 {[%clk 0:14:03]} 15. cxd4
{[%clk 0:13:02]} exd4 {[%clk 0:14:07]} 16. Bxb7 {[%clk 0:13:00]} Qxb7
{[%clk 0:14:03]} 17. exd4 {[%clk 0:13:01]} Rfe8 {[%clk 0:13:46]} 18. Qf3
{[%clk 0:12:32]} Qxf3 {[%clk 0:13:41]} 19. Nxf3 {[%clk 0:12:36]} Nd5
{[%clk 0:13:45]} 20. Ba3 {[%clk 0:12:05]} Rac8 {[%clk 0:13:44]} 21. Rfe1
{[%clk 0:11:11]} Rxe1+ {[%clk 0:13:31]} 22. Rxe1 {[%clk 0:11:13]} f6
{[%clk 0:13:35]} 0-1

[Event "Göteborg Open 2015"]
[Site "Biblioteksgatan 2, Mölnlycke, Sweden"]
[Date "2015.08.14"]
[Round "2.5"]
[White "Zelbel, Patrick"]
[Black "Bengtsson, Jessica"]
[Result "1-0"]
[BlackElo "2065"]
[WhiteElo "2450"]
[LiveChessVersion "1.4.6"]

1. e4 {[%clk 0:15:08]} c5 {[%clk 0:15:05]} 2. c3 {[%clk 0:15:13]} Nf6 3. e5 Nd5
{[%clk 0:15:08]} 4. Nf3 {[%clk 0:15:22]} e6 {[%clk 0:15:04]} 5. d4
{[%clk 0:15:26]} cxd4 {[%clk 0:15:05]} 6. cxd4 {[%clk 0:15:30]} d6
{[%clk 0:14:58]} 7. Bc4 {[%clk 0:15:33]} Nc6 {[%clk 0:14:41]} 8. O-O
{[%clk 0:15:37]} Be7 {[%clk 0:14:42]} 9. exd6 {[%clk 0:15:40]} Qxd6
{[%clk 0:13:47]} 10. Nc3 {[%clk 0:15:44]} Nxc3 {[%clk 0:13:15]} 11. bxc3
{[%clk 0:15:48]} O-O {[%clk 0:13:06]} 12. Re1 {[%clk 0:15:52]} Rd8
{[%clk 0:11:58]} 13. Ng5 {[%clk 0:15:22]} h6 {[%clk 0:10:06]} 14. Ne4
{[%clk 0:15:14]} Qc7 {[%clk 0:09:30]} 15. Bb3 {[%clk 0:10:10]} Na5
{[%clk 0:09:17]} 16. Bc2 {[%clk 0:09:51]} b6 {[%clk 0:07:46]} 17. Qd3
{[%clk 0:07:28]} Qc4 {[%clk 0:05:14]} 18. Qg3 {[%clk 0:07:23]} Kh8
{[%clk 0:04:42]} 19. Qf3 {[%clk 0:06:53]} f5 {[%clk 0:03:02]} 20. Nd2
{[%clk 0:05:47]} Qc6 {[%clk 0:03:01]} 21. Bxf5 {[%clk 0:04:55]} exf5
{[%clk 0:02:00]} 22. Rxe7 {[%clk 0:04:57]} Qxf3 {[%clk 0:01:48]} 23. Nxf3
{[%clk 0:05:00]} Ba6 {[%clk 0:01:30]} 24. Bd2 {[%clk 0:03:48]} Nc6
{[%clk 0:01:30]} 25. Rc7 {[%clk 0:03:06]} Rac8 {[%clk 0:01:30]} 26. Rxc8
{[%clk 0:03:10]} Rxc8 {[%clk 0:01:32]} 27. Re1 {[%clk 0:03:13]} Kg8
{[%clk 0:01:29]} 28. d5 {[%clk 0:02:21]} Na5 {[%clk 0:01:17]} 29. d6
{[%clk 0:02:01]} Rd8 {[%clk 0:01:00]} 30. Bf4 {[%clk 0:02:03]} Nc4
{[%clk 0:00:46]} 31. Nd4 {[%clk 0:02:01]} Nxd6 {[%clk 0:00:26]} 32. Nc6
{[%clk 0:02:05]} Rd7 {[%clk 0:00:20]} 33. Nb8 {[%clk 0:02:09]} 1-0

[Event "Göteborg Open 2015"]
[Site "Biblioteksgatan 2, Mölnlycke, Sweden"]
[Date "2015.08.14"]
[Round "2.6"]
[White "Johansson, Mikael"]
[Black "Fries-Nielsen, Jens Ove"]
[Result "0-1"]
[BlackElo "2434"]
[WhiteElo "2033"]
[LiveChessVersion "1.4.6"]

1. d4 {[%clk 0:15:06]} Nf6 {[%clk 0:14:38]} 2. Nf3 {[%clk 0:15:08]} e6
{[%clk 0:14:12]} 3. g3 {[%clk 0:15:10]} b5 {[%clk 0:13:57]} 4. a4
{[%clk 0:14:51]} b4 {[%clk 0:13:53]} 5. Bg2 {[%clk 0:14:52]} Bb7 {[%clk 0:13:53]}
6. O-O {[%clk 0:14:43]} a5 {[%clk 0:13:48]} 7. Nbd2 {[%clk 0:13:34]} Be7
{[%clk 0:13:34]} 8. Nb3 {[%clk 0:13:21]} d6 {[%clk 0:13:25]} 9. c4
{[%clk 0:12:05]} O-O {[%clk 0:12:47]} 10. Re1 {[%clk 0:12:07]} Nbd7
{[%clk 0:12:43]} 11. Nbd2 {[%clk 0:11:44]} c5 {[%clk 0:12:40]} 12. b3
{[%clk 0:11:35]} cxd4 {[%clk 0:12:16]} 13. Nxd4 {[%clk 0:11:39]} Bxg2
{[%clk 0:12:15]} 14. Kxg2 {[%clk 0:11:39]} Qb6 {[%clk 0:12:16]} 15. e3
{[%clk 0:11:21]} Nc5 {[%clk 0:12:17]} 16. Bb2 {[%clk 0:11:15]} 0-1

[Event "Göteborg Open 2015"]
[Site "Biblioteksgatan 2, Mölnlycke, Sweden"]
[Date "2015.08.14"]
[Round "2.7"]
[White "Braun, Christian"]
[Black "Pettersson, Anders"]
[Result "1-0"]
[BlackElo "2033"]
[WhiteElo "2420"]
[LiveChessVersion "1.4.6"]

1. e4 {[%clk 0:15:08]} e5 {[%clk 0:15:09]} 2. Nf3 {[%clk 0:15:11]} Nc6
{[%clk 0:15:13]} 3. Bc4 {[%clk 0:15:09]} Nf6 {[%clk 0:15:16]} 4. d3
{[%clk 0:15:12]} Be7 {[%clk 0:15:12]} 5. c3 {[%clk 0:15:13]} O-O {[%clk 0:15:14]}
6. Nbd2 {[%clk 0:15:16]} d5 {[%clk 0:15:09]} 7. Bb3 {[%clk 0:15:20]} dxe4
{[%clk 0:14:25]} 8. dxe4 {[%clk 0:15:22]} Qd3 {[%clk 0:13:57]} 9. Bc2
{[%clk 0:14:34]} Qa6 {[%clk 0:14:00]} 10. a4 {[%clk 0:14:09]} Bg4
{[%clk 0:13:12]} 11. Qe2 {[%clk 0:14:03]} Qxe2+ {[%clk 0:13:12]} 12. Kxe2
{[%clk 0:14:06]} Rad8 {[%clk 0:13:05]} 13. h3 {[%clk 0:14:06]} Be6
{[%clk 0:13:02]} 14. Ng5 {[%clk 0:13:50]} Bc8 {[%clk 0:13:01]} 15. Nc4
{[%clk 0:13:45]} a6 {[%clk 0:12:46]} 16. b4 {[%clk 0:13:24]} Rfe8
{[%clk 0:12:22]} 17. Bb3 {[%clk 0:13:11]} Bxb4 {[%clk 0:11:02]} 18. Bb2
{[%clk 0:10:51]} Bc5 {[%clk 0:10:07]} 19. Ne3 {[%clk 0:10:51]} Be6
{[%clk 0:10:03]} 20. Nxe6 {[%clk 0:10:52]} fxe6 {[%clk 0:10:07]} 21. Bc2
{[%clk 0:10:22]} Rd7 {[%clk 0:09:41]} 22. a5 {[%clk 0:09:56]} Red8
{[%clk 0:09:38]} 23. Bc1 {[%clk 0:10:00]} Kf7 {[%clk 0:09:04]} 24. Ng4
{[%clk 0:09:45]} Nxg4 {[%clk 0:08:50]} 25. hxg4 {[%clk 0:09:48]} h6
{[%clk 0:08:52]} 26. g5 {[%clk 0:09:42]} hxg5 {[%clk 0:08:55]} 27. Bxg5
{[%clk 0:09:45]} Be7 {[%clk 0:08:59]} 28. Be3 {[%clk 0:09:48]} Rb8
{[%clk 0:07:45]} 29. Rhb1 {[%clk 0:09:49]} Nd8 {[%clk 0:07:30]} 30. Ba4
{[%clk 0:09:32]} c6 {[%clk 0:07:18]} 31. Bb3 {[%clk 0:09:35]} c5 {[%clk 0:07:05]}
32. Ba4 {[%clk 0:08:36]} Rc7 {[%clk 0:07:09]} 33. Rb6 {[%clk 0:08:14]} Nc6
{[%clk 0:06:56]} 34. Rab1 {[%clk 0:07:18]} Nxa5 {[%clk 0:06:12]} 35. Rxa6
{[%clk 0:07:21]} bxa6 {[%clk 0:05:40]} 36. Rxb8 {[%clk 0:07:24]} Rb7
{[%clk 0:05:45]} 37. Ra8 {[%clk 0:07:18]} Rb6 {[%clk 0:05:20]} 38. Ra7
{[%clk 0:05:49]} Kf6 {[%clk 0:05:08]} 39. g4 {[%clk 0:05:37]} Rb7
{[%clk 0:04:11]} 40. Rxa6 {[%clk 0:04:52]} Nc4 {[%clk 0:04:15]} 41. Bc1
{[%clk 0:04:42]} Rb1 {[%clk 0:03:02]} 42. Kd1 {[%clk 0:04:30]} Rb6
{[%clk 0:02:38]} 43. g5+ {[%clk 0:04:06]} Kg6 {[%clk 0:02:24]} 44. Be8+
{[%clk 0:04:05]} Kh7 {[%clk 0:02:24]} 45. g6+ {[%clk 0:03:58]} Kg8
{[%clk 0:02:17]} 46. Bf7+ {[%clk 0:04:00]} Kf8 {[%clk 0:02:22]} 47. Ra8+
{[%clk 0:04:04]} 1-0

[Event "Göteborg Open 2015"]
[Site "Biblioteksgatan 2, Mölnlycke, Sweden"]
[Date "2015.08.14"]
[Round "2.8"]
[White "Svedberg, Hans"]
[Black "Alvir, Aco"]
[Result "0-1"]
[BlackElo "2357"]
[WhiteElo "2022"]
[LiveChessVersion "1.4.6"]

1. e4 {[%clk 0:15:07]} g6 {[%clk 0:15:06]} 2. d4 {[%clk 0:15:08]} Bg7
{[%clk 0:15:09]} 3. Nc3 {[%clk 0:15:06]} c5 {[%clk 0:15:10]} 4. dxc5
{[%clk 0:14:39]} Bxc3+ {[%clk 0:15:07]} 5. bxc3 {[%clk 0:14:40]} Qa5
{[%clk 0:15:09]} 6. Nf3 {[%clk 0:12:48]} Qxc5 {[%clk 0:15:04]} 7. Bd3
{[%clk 0:12:24]} Nf6 {[%clk 0:15:05]} 8. O-O {[%clk 0:12:16]} O-O
{[%clk 0:15:07]} 9. e5 {[%clk 0:10:36]} Nd5 {[%clk 0:15:03]} 10. c4
{[%clk 0:10:31]} Nb6 {[%clk 0:15:05]} 11. Be3 {[%clk 0:10:26]} Qc7
{[%clk 0:15:08]} 12. c5 {[%clk 0:09:52]} Na4 {[%clk 0:15:06]} 13. Bh6
{[%clk 0:08:22]} Re8 {[%clk 0:15:00]} 14. Qe2 {[%clk 0:08:16]} Nxc5
{[%clk 0:15:02]} 15. Bc4 {[%clk 0:08:03]} Ne6 {[%clk 0:14:53]} 16. Rfe1
{[%clk 0:07:40]} Nc6 {[%clk 0:14:54]} 17. Qe3 {[%clk 0:07:15]} b6
{[%clk 0:13:19]} 18. Bxe6 {[%clk 0:06:45]} dxe6 {[%clk 0:13:14]} 19. Rad1
{[%clk 0:06:29]} Bb7 {[%clk 0:12:03]} 20. Qf4 {[%clk 0:05:54]} Rad8
{[%clk 0:11:21]} 21. Rxd8 {[%clk 0:04:32]} Rxd8 {[%clk 0:11:11]} 22. h4
{[%clk 0:04:24]} Rd5 {[%clk 0:10:19]} 23. Ng5 {[%clk 0:03:53]} Nd8
{[%clk 0:10:22]} 24. c4 {[%clk 0:03:45]} Rd3 {[%clk 0:10:18]} 25. Ne4
{[%clk 0:03:25]} Bxe4 {[%clk 0:10:18]} 26. Qxe4 {[%clk 0:03:29]} Rd7
{[%clk 0:10:15]} 27. h5 {[%clk 0:03:26]} Nc6 {[%clk 0:09:34]} 28. hxg6
{[%clk 0:03:12]} hxg6 {[%clk 0:09:37]} 29. Be3 {[%clk 0:02:46]} Na5
{[%clk 0:09:06]} 30. c5 {[%clk 0:02:27]} Rd5 {[%clk 0:08:43]} 31. cxb6
{[%clk 0:02:26]} axb6 {[%clk 0:08:47]} 32. Rc1 {[%clk 0:02:20]} Qd8
{[%clk 0:08:49]} 33. Qf3 {[%clk 0:01:46]} b5 {[%clk 0:08:47]} 34. g3
{[%clk 0:01:43]} Nc4 {[%clk 0:08:51]} 35. Bf4 {[%clk 0:01:42]} Rd3
{[%clk 0:08:50]} 36. Qe2 {[%clk 0:01:37]} Qd5 {[%clk 0:08:46]} 37. Kh2
{[%clk 0:01:27]} Kg7 {[%clk 0:07:57]} 38. Re1 {[%clk 0:01:12]} Nd2
{[%clk 0:07:32]} 39. Bxd2 {[%clk 0:00:58]} Rxd2 {[%clk 0:07:35]} 40. Qe3
{[%clk 0:01:02]} Qxa2 {[%clk 0:07:15]} 41. Kg2 {[%clk 0:01:04]} Qd5+
{[%clk 0:07:14]} 42. Kh3 {[%clk 0:00:56]} Qd3 {[%clk 0:06:59]} 43. Qa7
{[%clk 0:00:47]} Qd4 {[%clk 0:05:40]} 44. Qxd4 {[%clk 0:00:30]} Rxd4
{[%clk 0:05:43]} 45. Rb1 {[%clk 0:00:31]} b4 {[%clk 0:05:40]} 46. f4
{[%clk 0:00:27]} f6 {[%clk 0:05:37]} 0-1

[Event "Göteborg Open 2015"]
[Site "Biblioteksgatan 2, Mölnlycke, Sweden"]
[Date "2015.08.14"]
[Round "2.9"]
[White "Byklum, Björnar"]
[Black "Vagle, Raymond"]
[Result "1/2-1/2"]
[BlackElo "2020"]
[WhiteElo "2283"]
[LiveChessVersion "1.4.6"]

1. e4 c5 2. Nc3 Nc6 3. Bb5 g6 4. Bxc6 dxc6 5. d3 Bg7 6. Be3 b6 7. Qd2 e5 8. f4
exf4 9. Bxf4 Be6 10. Nf3 Ne7 11. O-O Qd7 12. a4 O-O 13. Bh6 Rad8 14. Kh1 f6 15.
Bxg7 Kxg7 16. b3 h5 17. Rf2 Bg4 18. Ng1 Qd4 19. Raf1 Qe5 20. h3 Rh8 21. Nf3 Bxf3
22. Rxf3 Rd6 23. Qe1 Rhd8 24. Nd1 b5 25. axb5 cxb5 26. Ne3 R8d7 27. Qa5 a6 28.
Qe1 Ra7 29. Qh4 a5 30. g4 Ra8 31. g5 fxg5 32. Rf7+ Kg8 33. Qf2 Rdd8 34. c4 Qe6
35. Nd5 Qxh3+ 36. Kg1 Nxd5 37. cxd5 Qg4+ 38. Kh1 Qh3+ 39. Kg1 Qg4+ 40. Kh1 Qh3+
41. Kg1 a4 42. Re7 1/2-1/2

[Event "Göteborg Open 2015"]
[Site "Biblioteksgatan 2, Mölnlycke, Sweden"]
[Date "2015.08.14"]
[Round "2.10"]
[White "Johansson, Eva"]
[Black "Åkesson, Joel"]
[Result "1/2-1/2"]
[BlackElo "2264"]
[WhiteElo "1943"]
[LiveChessVersion "1.4.6"]

1. d4 e6 2. c4 Nf6 3. Nf3 Bb4+ 4. Bd2 Qe7 5. g3 Nc6 6. Bg2 Bxd2+ 7. Qxd2 Ne4 8.
Qc2 Qb4+ 9. Nc3 Nxc3 10. Qxc3 Qxc3+ 11. bxc3 d6 12. Nd2 Bd7 13. Rb1 Rb8 14. O-O
Ke7 15. e3 b6 16. Rfe1 Na5 17. f4 c5 18. Kf2 Rhc8 19. d5 e5 20. e4 f6 21. Bf1 g6
22. Kf3 Re8 23. Rb2 Kf7 24. Bd3 Kg7 25. Nb3 Nb7 26. Rg2 Nd8 27. g4 exf4 28. Kxf4
Nf7 29. Nd2 Ne5 30. Be2 Rf8 31. Reg1 Kh8 32. Nf3 Rbe8 33. h4 g5+ 34. Ke3 h6 35.
Nxe5 Rxe5 36. Kd3 Kg7 37. Rh1 Rh8 38. Rf2 Be8 39. Rf5 Bg6 40. Rxe5 fxe5 41. h5
Bh7 42. Rf1 Rb8 43. a4 a6 1/2-1/2

[Event "Göteborg Open 2015"]
[Site "Biblioteksgatan 2, Mölnlycke, Sweden"]
[Date "2015.08.14"]
[Round "3.1"]
[White "Alvir, Aco"]
[Black "Rozentalis, Eduardas"]
[Result "1/2-1/2"]
[BlackElo "2528"]
[WhiteElo "2357"]
[LiveChessVersion "1.4.6"]

1. e4 {[%clk 0:15:07]} Nf6 {[%clk 0:15:06]} 2. e5 {[%clk 0:15:09]} Nd5
{[%clk 0:15:09]} 3. d4 {[%clk 0:15:11]} d6 {[%clk 0:15:13]} 4. Nf3
{[%clk 0:15:13]} g6 {[%clk 0:15:10]} 5. Bc4 {[%clk 0:15:12]} Nb6 {[%clk 0:15:03]}
6. Bb3 {[%clk 0:15:15]} d5 {[%clk 0:15:03]} 7. c3 {[%clk 0:14:29]} Bg7
{[%clk 0:14:55]} 8. a4 {[%clk 0:14:13]} a5 {[%clk 0:14:46]} 9. O-O
{[%clk 0:14:11]} O-O {[%clk 0:14:43]} 10. Re1 {[%clk 0:14:12]} Na6
{[%clk 0:13:18]} 11. Na3 {[%clk 0:11:30]} Bd7 {[%clk 0:12:07]} 12. Ng5
{[%clk 0:10:41]} h6 {[%clk 0:11:08]} 13. Nf3 {[%clk 0:09:46]} Rc8
{[%clk 0:09:22]} 14. Nc2 {[%clk 0:08:03]} c5 {[%clk 0:08:14]} 15. Ne3
{[%clk 0:08:07]} Be6 {[%clk 0:07:32]} 16. Bd2 {[%clk 0:08:02]} Qd7
{[%clk 0:07:25]} 17. h4 {[%clk 0:07:33]} Nc4 {[%clk 0:07:11]} 18. Nxc4
{[%clk 0:06:31]} dxc4 {[%clk 0:07:15]} 19. Bc2 {[%clk 0:06:34]} Bg4
{[%clk 0:06:33]} 20. Be3 {[%clk 0:06:20]} cxd4 {[%clk 0:06:08]} 21. Bxd4
{[%clk 0:05:34]} Nc5 {[%clk 0:05:26]} 22. Bxc5 {[%clk 0:05:12]} Qxd1
{[%clk 0:05:28]} 23. Raxd1 {[%clk 0:05:13]} Rxc5 {[%clk 0:05:13]} 24. e6
{[%clk 0:05:12]} fxe6 {[%clk 0:05:07]} 25. Bxg6 {[%clk 0:05:09]} Bxf3
{[%clk 0:05:00]} 26. gxf3 {[%clk 0:05:12]} Rxf3 {[%clk 0:04:59]} 27. Rxe6
{[%clk 0:05:09]} Bf8 {[%clk 0:04:21]} 28. Rd4 {[%clk 0:05:03]} Rf6
{[%clk 0:04:14]} 29. Rxf6 {[%clk 0:04:53]} exf6 {[%clk 0:04:18]} 30. Rd7
{[%clk 0:04:54]} 1/2-1/2

[Event "Göteborg Open 2015"]
[Site "Biblioteksgatan 2, Mölnlycke, Sweden"]
[Date "2015.08.14"]
[Round "3.2"]
[White "Blomqvist, Erik"]
[Black "Al-Hadarani, Hatim"]
[Result "0-1"]
[BlackElo "2254"]
[WhiteElo "2508"]
[LiveChessVersion "1.4.6"]

1. Nf3 {[%clk 0:15:08]} Nf6 {[%clk 0:15:10]} 2. c4 {[%clk 0:15:12]} c6
{[%clk 0:14:54]} 3. g3 {[%clk 0:15:10]} b5 {[%clk 0:14:53]} 4. b3
{[%clk 0:14:57]} d5 {[%clk 0:14:40]} 5. Bg2 {[%clk 0:14:56]} e6 {[%clk 0:14:35]}
6. O-O {[%clk 0:14:45]} a5 {[%clk 0:14:29]} 7. Qc2 {[%clk 0:14:11]} Be7
{[%clk 0:13:15]} 8. Bb2 {[%clk 0:12:18]} O-O {[%clk 0:13:09]} 9. d3
{[%clk 0:12:06]} a4 {[%clk 0:12:18]} 10. bxa4 {[%clk 0:11:38]} bxa4
{[%clk 0:12:17]} 11. Nbd2 {[%clk 0:11:22]} a3 {[%clk 0:10:07]} 12. Bc3
{[%clk 0:11:26]} Na6 {[%clk 0:09:10]} 13. Rab1 {[%clk 0:11:30]} Nc5
{[%clk 0:08:30]} 14. Ne5 {[%clk 0:10:06]} Ra6 {[%clk 0:08:30]} 15. d4
{[%clk 0:08:39]} Na4 {[%clk 0:07:58]} 16. Nxc6 {[%clk 0:08:30]} Rxc6
{[%clk 0:07:15]} 17. Qxa4 {[%clk 0:08:33]} Ra6 {[%clk 0:06:45]} 18. Qc2
{[%clk 0:08:32]} dxc4 {[%clk 0:06:25]} 19. Nxc4 {[%clk 0:08:28]} Nd5
{[%clk 0:06:27]} 20. Bd2 {[%clk 0:07:31]} Bd7 {[%clk 0:05:52]} 21. Rfc1
{[%clk 0:07:22]} f5 {[%clk 0:04:49]} 22. e4 {[%clk 0:06:46]} fxe4
{[%clk 0:04:37]} 23. Bxe4 {[%clk 0:06:50]} Nf6 {[%clk 0:04:29]} 24. Bb7
{[%clk 0:06:33]} Ra7 {[%clk 0:04:19]} 25. Ne5 {[%clk 0:06:27]} Bd6
{[%clk 0:03:34]} 26. Be3 {[%clk 0:06:00]} Nd5 {[%clk 0:02:54]} 27. Qe4
{[%clk 0:04:11]} Bxe5 {[%clk 0:02:29]} 28. Qxe5 {[%clk 0:03:58]} Rf5
{[%clk 0:01:50]} 29. Qd6 {[%clk 0:03:59]} Qe8 {[%clk 0:01:18]} 30. Rc5
{[%clk 0:03:21]} Nxe3 {[%clk 0:00:53]} 31. fxe3 {[%clk 0:03:23]} Rf7
{[%clk 0:00:21]} 32. Be4 {[%clk 0:03:12]} Rf8 {[%clk 0:00:16]} 33. Rcc1
{[%clk 0:02:20]} Ba4 {[%clk 0:00:11]} 34. Rf1 {[%clk 0:01:43]} Raf7
{[%clk 0:00:15]} 35. Rf4 {[%clk 0:01:30]} g5 {[%clk 0:00:17]} 36. Rg4
{[%clk 0:00:31]} h6 {[%clk 0:00:18]} 37. Bg6 {[%clk 0:00:13]} Bb5
{[%clk 0:00:17]} 38. Bxf7+ Qxf7 {[%clk 0:00:16]} 0-1

[Event "Göteborg Open 2015"]
[Site "Biblioteksgatan 2, Mölnlycke, Sweden"]
[Date "2015.08.14"]
[Round "3.3"]
[White "Nygren, Kim"]
[Black "Westerberg, Jonathan"]
[Result "0-1"]
[BlackElo "2464"]
[WhiteElo "2211"]
[LiveChessVersion "1.4.6"]

1. d4 {[%clk 0:15:07]} d5 {[%clk 0:15:03]} 2. Bg5 {[%clk 0:15:05]} h6
{[%clk 0:14:46]} 3. Bh4 {[%clk 0:15:08]} c5 {[%clk 0:14:51]} 4. Nf3
{[%clk 0:15:06]} cxd4 {[%clk 0:14:50]} 5. Nxd4 {[%clk 0:14:56]} Nc6
{[%clk 0:14:36]} 6. e3 {[%clk 0:14:43]} Qb6 {[%clk 0:14:31]} 7. Bb5
{[%clk 0:14:21]} a6 {[%clk 0:12:18]} 8. Bxc6+ {[%clk 0:13:10]} bxc6
{[%clk 0:12:21]} 9. Nd2 {[%clk 0:12:28]} e6 {[%clk 0:12:24]} 10. O-O
{[%clk 0:12:06]} Be7 {[%clk 0:12:26]} 11. Bxe7 {[%clk 0:11:32]} Nxe7
{[%clk 0:12:30]} 12. b3 {[%clk 0:11:20]} e5 {[%clk 0:12:17]} 13. N4f3
{[%clk 0:11:17]} Ng6 {[%clk 0:12:20]} 14. Qc1 {[%clk 0:11:15]} O-O
{[%clk 0:12:14]} 15. Qb2 {[%clk 0:11:17]} Re8 {[%clk 0:12:08]} 16. Kh1
{[%clk 0:09:29]} a5 {[%clk 0:11:49]} 17. c4 {[%clk 0:09:13]} Ba6 {[%clk 0:11:03]}
18. Rac1 {[%clk 0:08:20]} Rad8 {[%clk 0:10:52]} 19. Rc2 {[%clk 0:05:59]} d4
{[%clk 0:09:25]} 20. c5 {[%clk 0:06:02]} Qc7 {[%clk 0:08:38]} 21. Re1
{[%clk 0:05:58]} d3 {[%clk 0:08:25]} 22. Rcc1 {[%clk 0:05:36]} e4
{[%clk 0:08:25]} 23. Nd4 {[%clk 0:05:39]} Rd5 {[%clk 0:08:29]} 24. f4
{[%clk 0:05:23]} exf3 {[%clk 0:08:12]} 25. N2xf3 {[%clk 0:05:10]} Re4
{[%clk 0:07:30]} 26. Qf2 {[%clk 0:05:00]} Rh5 {[%clk 0:07:22]} 27. g3
{[%clk 0:04:14]} Qd7 {[%clk 0:06:04]} 28. Nd2 {[%clk 0:03:54]} Re8
{[%clk 0:05:22]} 29. Qf3 {[%clk 0:03:00]} Rd5 {[%clk 0:05:27]} 30. Rf1
{[%clk 0:02:46]} Ne5 {[%clk 0:05:07]} 31. Qf4 {[%clk 0:02:31]} Bc8
{[%clk 0:03:14]} 32. Nc4 {[%clk 0:01:58]} Nxc4 {[%clk 0:03:18]} 33. Rxc4
{[%clk 0:01:05]} Rde5 {[%clk 0:03:15]} 34. Nf3 {[%clk 0:00:38]} Rxe3
{[%clk 0:03:01]} 35. Rd4 {[%clk 0:00:40]} Qe7 {[%clk 0:02:49]} 36. Rd1
{[%clk 0:00:17]} Bh3 {[%clk 0:02:19]} 37. R4xd3 {[%clk 0:00:06]} Rxd3
{[%clk 0:01:38]} 38. Rxd3 {[%clk 0:00:10]} Qe2 {[%clk 0:01:12]} 39. Rd2
{[%clk 0:00:06]} Bg2+ 40. Kg1 Qf1# {[%clk 0:01:21]} 0-1